000 01609nmc a2200517 a 4500
003 AR-BaBNM
005 20251128204858.0
008 011101s1989 ||||||||||||||000 | spa||
020 _a84-277-0784-2çç
040 _cAR-BaBNM
245 1 0 _aIntervención psicopedagógica en los centros educativos
_bmétodos y procedimientos para aumentar la competencia de los estudiantes
260 _aMadrid
_bNarcea
_c1989
300 0 _a286 p.
_btablas, diagr.
490 0 _aEducación hoy. Estudios
500 0 _aIndice de autores: p. 267-271
500 0 _aIndice de nombres: p. 273-281
500 0 _aIndice temático: p. 283-286
504 _aLa bibliografía aparece al final de cada capítulo
650 4 _aPROCESOS PSICOPEDAGOGICOS
650 4 _aORIENTACION PEDAGOGICA
650 4 _aPSICOLOGIA DE LA EDUCACION
650 4 _aCOMPETENCIAS
650 4 _aPROBLEMAS DISCIPLINARIOS
650 4 _aAMBIENTE ESCOLAR
650 4 _aRENDIMIENTO DEL ALUMNO
651 4 _aEstados Unidos
653 0 _aPSICOPEDAGOGIA
653 0 _aPSICOLOGIA COGNITIVA
700 1 _aMaher, Charles A.
700 1 _aZins, Joseph E.
700 1 _aDe Lorbar, Jorge
_etraductor
700 1 _aCurtis, Michael J.
700 1 _aGarden, Janet L.
700 1 _aGesten, Ellis L.
700 1 _aAmish, Patricia L.
700 1 _aBotvin, Gilbert J.
700 1 _aWise, Pamela S.
700 1 _aByrley, Mary B.
700 1 _aMaher, Charles A.
700 1 _aKnoff, Howard M.
700 1 _aGresham, Frank M.
700 1 _aKirby Brown, Mace D.
700 1 _aSandoval, Jonathan
942 _cBK
998 _cSILVI
999 _c9170
_d9170